| 000 | 00816cam a2200253 a 4500 | ||
|---|---|---|---|
| 999 |
_c7504 _d7504 |
||
| 001 | 15424674 | ||
| 003 | OSt | ||
| 005 | 20211203140908.0 | ||
| 008 | 080714s2008 ck b 000 0 spa | ||
| 010 | _a 2008462255 | ||
| 020 | _a9789586395670 | ||
| 035 | _a(BO-CbLA)la0806X3379 | ||
| 040 |
_aDLC _cCDMR _bcat |
||
| 050 | 0 | 0 |
_aPQ8180.28.E724 _bA6 2008 |
| 100 | 1 | _aRestrepo, Javier Darío. | |
| 245 | 1 | 3 |
_aLa niebla y la brújula / _cJavier Darío Restrepo. |
| 260 |
_a[Colombia] : _bDebate : _bRandom House Mondadori, _c2008. |
||
| 300 |
_a315 p. ; _c23 cm. |
||
| 490 | 0 | _aColección Actualidad | |
| 650 | 0 |
_9983 _aÈtica periodística _zAmèrica Llatina |
|
| 906 |
_a7 _bcbc _corigres _d2 _encip _f20 _gy-gencatlg |
||
| 942 |
_2udc _cMON |
||